[Event "HUN-chT2 Szechenyi 0506"]
[Site "Hungary"]
[Date "2006.01.22"]
[Round "6"]
[White "Kovacs, Dezso"]
[Black "Bauman, Tibor"]
[Result "1-0"]
[WhiteElo "2012"]
[BlackElo "2105"]
[PlyCount "77"]
[EventDate "2005.10.16"]
[EventType "team"]
[EventRounds "11"]
[EventCountry "HUN"]
[SourceTitle "EXT 2009"]
[Source "ChessBase"]
[SourceDate "2008.11.26"]
[SourceVersion "1"]
[SourceVersionDate "2008.11.26"]
[SourceQuality "1"]
[WhiteTeam "Lovo"]
[BlackTeam "HEMO"]
[WhiteTeamCountry "HUN"]
[BlackTeamCountry "HUN"]

1. c4 Nf6 2. Nc3 g6 3. g3 Bg7 4. Bg2 0-0 5. e4 d6 6. Nge2 e5 7. d3 c6 8. 0-0 a5 9. h3 Na6 10. Kh2 Nc5 11. f4 exf4 12. Nxf4 Ne6 13. Nce2 Qb6 14. Rb1 Bd7 15. Bd2 c5 16. Bc3 Nd4 17. a3 Bc6 18. b4 axb4 19. axb4 Nxe2 20. Nxe2 Qd8 21. b5 Bd7 22. Ra1 Qe7 23. Qc2 Nh5 24. Bxg7 Nxg7 25. Rxa8 Rxa8 26. Nf4 Qe5 27. Qf2 Ra1 28. Rxa1 Qxa1 29. Nd5 Be6 30. Nf6+ Kh8 31. e5 Qxe5 32. Bxb7 Nf5 33. Ng4 Qg7 34. Bg2 h5 35. Ne3 f6 36. b6 Bc8 37. Nxf5 gxf5 38. Qf3 Qh7 39. b7 1-0

[Event "HUN-chT2 Szechenyi 0405"]
[Site "Hungary"]
[Date "2005.02.20"]
[Round "8"]
[White "Bauman, Tibor"]
[Black "Horvath, Jozsef2222"]
[Result "1-0"]
[WhiteElo "2115"]
[BlackElo "2178"]
[PlyCount "87"]
[EventDate "2004.09.26"]
[EventType "team"]
[EventRounds "11"]
[EventCountry "HUN"]
[SourceTitle "EXT 2009"]
[Source "ChessBase"]
[SourceDate "2008.11.26"]
[SourceVersion "1"]
[SourceVersionDate "2008.11.26"]
[SourceQuality "1"]
[WhiteTeam "Veszprem"]
[BlackTeam "Kertvaros"]
[WhiteTeamCountry "HUN"]
[BlackTeamCountry "HUN"]

1. Nf3 f5 2. d4 Nf6 3. g3 g6 4. Bg2 Bg7 5. 0-0 0-0 6. c4 d6 7. Nc3 c6 8. e3 Qc7 9. b4 Bd7 10. Qb3 Kh8 11. Bb2 e5 12. dxe5 dxe5 13. Na4 Ne4 14. Rad1 Na6 15. a3 Be6 16. Qc2 Rad8 17. c5 Bd5 18. Nc3 Nxc3 19. Bxc3 Bf6 20. Nd2 Be6 21. Qb2 Qg7 22. Nf3 Rxd1 23. Rxd1 e4 24. Bxf6 Qxf6 25. Qxf6+ Rxf6 26. Rd8+ Bg8 27. Nd4 Nc7 28. Rb8 a6 29. Rxb7 Nb5 30. Rb6 Nxa3 31. Rxa6 Nc4 32. Rxc6 Rf8 33. b5 Ne5 34. Rc7 Ra8 35. h3 Ra1+ 36. Kh2 Ra2 37. b6 Rxf2 38. Kg1 Rb2 39. b7 Nc4 40. c6 Nxe3 41. Rc8 Rxg2+ 42. Kh1 Rxg3 43. Rxg8+ Kxg8 44. b8Q+ 1-0

[Event "HUN-chT2 Szechenyi 0405"]
[Site "Hungary"]
[Date "2004.09.26"]
[Round "1"]
[White "Bauman, Tibor"]
[Black "Gal, Sandor"]
[Result "1-0"]
[WhiteElo "2115"]
[BlackElo "2155"]
[PlyCount "57"]
[EventDate "2004.09.26"]
[EventType "team"]
[EventRounds "11"]
[EventCountry "HUN"]
[SourceTitle "EXT 2009"]
[Source "ChessBase"]
[SourceDate "2008.11.26"]
[SourceVersion "1"]
[SourceVersionDate "2008.11.26"]
[SourceQuality "1"]
[WhiteTeam "Veszprem"]
[BlackTeam "Ajka Banyasz"]
[WhiteTeamCountry "HUN"]
[BlackTeamCountry "HUN"]

1. Nf3 c5 2. c4 Nf6 3. Nc3 d6 4. g3 e6 5. Bg2 Be7 6. 0-0 0-0 7. d4 cxd4 8. Nxd4 a6 9. b3 Qc7 10. Bb2 Nc6 11. Rc1 Bd7 12. Qd2 e5 13. Nc2 Qb6 14. Ne3 Be6 15. Kh1 Rfd8 16. Ncd5 Bxd5 17. cxd5 Na7 18. Nf5 Bf8 19. Qg5 Rd7 20. f4 Re8 21. fxe5 dxe5 22. Nh6+ Kh8 23. Bxe5 Rxe5 24. Qxe5 Re7 25. Qf4 Qd8 26. e4 Qd7 27. e5 gxh6 28. exf6 Re2 29. Qb8 1-0

[Event "HUN-chT2 Szechenyi 0304"]
[Site "Hungary"]
[Date "2004.03.21"]
[Round "9"]
[White "Tako, Helga"]
[Black "Bauman, Tibor"]
[Result "1-0"]
[WhiteElo "1938"]
[BlackElo "2113"]
[PlyCount "63"]
[EventDate "2003.09.28"]
[EventType "team"]
[EventRounds "11"]
[EventCountry "HUN"]
[SourceTitle "EXT 2009"]
[Source "ChessBase"]
[SourceDate "2008.11.26"]
[SourceVersion "1"]
[SourceVersionDate "2008.11.26"]
[SourceQuality "1"]
[WhiteTeam "Arboretum"]
[BlackTeam "Veszprem"]
[WhiteTeamCountry "HUN"]
[BlackTeamCountry "HUN"]

1. e4 c5 2. Nf3 d6 3. d4 cxd4 4. Nxd4 Nf6 5. Nc3 Nc6 6. Be2 g6 7. Be3 Bg7 8. f3 Bd7 9. Qd2 0-0 10. 0-0-0 a6 11. h4 h5 12. Nxc6 bxc6 13. Bh6 Qa5 14. Bxg7 Kxg7 15. Qd4 c5 16. Qe3 Be6 17. a3 Rab8 18. e5 dxe5 19. Qxe5 Qb6 20. Na4 Qc6 21. Nxc5 Bf5 22. Bd3 Bxd3 23. Nxd3 Rfc8 24. Rd2 e6 25. Nb4 Qa4 26. Na2 Rb7 27. Nc3 Qe8 28. Ne4 Qe7 29. Nd6 Rd8 30. Nxb7 Rxd2 31. Kxd2 Qxb7 32. Rd1 1-0

[Event "HUN-chT2 Szechenyi 0304"]
[Site "Hungary"]
[Date "2004.02.08"]
[Round "7"]
[White "Saly, Sandor"]
[Black "Bauman, Tibor"]
[Result "0-1"]
[WhiteElo "2005"]
[BlackElo "2113"]
[PlyCount "100"]
[EventDate "2003.09.28"]
[EventType "team"]
[EventRounds "11"]
[EventCountry "HUN"]
[SourceTitle "EXT 2009"]
[Source "ChessBase"]
[SourceDate "2008.11.26"]
[SourceVersion "1"]
[SourceVersionDate "2008.11.26"]
[SourceQuality "1"]
[WhiteTeam "Szentgotthard"]
[BlackTeam "Veszprem"]
[WhiteTeamCountry "HUN"]
[BlackTeamCountry "HUN"]

1. f4 d5 2. g3 c5 3. Bg2 e6 4. b3 Nf6 5. Bb2 Be7 6. Nf3 0-0 7. 0-0 Nc6 8. c3 c4 9. Na3 Qb6+ 10. e3 Ne4 11. Qc2 cxb3 12. axb3 Bd7 13. Nd4 f5 14. d3 Nf6 15. b4 Rfc8 16. Qe2 a5 17. bxa5 Rxa5 18. Rfb1 Nxd4 19. cxd4 Qa6 20. Nc2 Ba4 21. Ne1 Bb4 22. Ba3 Bxe1 23. Qxe1 Bc2 24. Bb2 Rxa1 25. Rxa1 Qxd3 26. Ra3 Qb5 27. Rc3 Rc4 28. Bc1 Qc6 29. Rxc4 Qxc4 30. Bf1 Bd3 31. Bxd3 Qxd3 32. h3 b5 33. Kf2 Qc2+ 34. Bd2 b4 35. Qc1 Ne4+ 36. Ke1 Qxc1+ 37. Bxc1 Nxg3 38. Kd2 Ne4+ 39. Kc2 g5 40. fxg5 Nxg5 41. h4 Nf3 42. h5 Kg7 43. Kb3 Ng5 44. Kxb4 Kh6 45. Kc3 Kxh5 46. Kd3 Kg4 47. Ke2 Kg3 48. Ba3 h5 49. Bd6+ Kg2 50. Be7 Nf3 0-1

[Event "HUN-chT2 Szechenyi 0304"]
[Site "Hungary"]
[Date "2003.09.28"]
[Round "1"]
[White "Bauman, Tibor"]
[Black "Gaal, Sandor"]
[Result "1/2-1/2"]
[WhiteElo "2113"]
[BlackElo "2070"]
[PlyCount "54"]
[EventDate "2003.09.28"]
[EventType "team"]
[EventRounds "11"]
[EventCountry "HUN"]
[SourceTitle "EXT 2009"]
[Source "ChessBase"]
[SourceDate "2008.11.26"]
[SourceVersion "1"]
[SourceVersionDate "2008.11.26"]
[SourceQuality "1"]
[WhiteTeam "Veszprem"]
[BlackTeam "Ajka Banyasz"]
[WhiteTeamCountry "HUN"]
[BlackTeamCountry "HUN"]

1. Nf3 c5 2. c4 Nf6 3. Nc3 g6 4. g3 Bg7 5. Bg2 0-0 6. 0-0 d5 7. cxd5 Nxd5 8. Qb3 Nxc3 9. dxc3 Nc6 10. Be3 b6 11. Rfd1 Qc7 12. Bf4 e5 13. Nxe5 Bxe5 14. Bxe5 Qxe5 15. Bxc6 Be6 16. Qc2 Rad8 17. Rd2 Qc7 18. Bf3 Rxd2 19. Qxd2 Rd8 20. Qc2 Qe5 21. Rd1 Rxd1+ 22. Qxd1 Bxa2 23. Qa4 Qe6 24. Qxa7 Bc4 25. Qb8+ Kg7 26. e3 Qh3 27. Qe5+ Kg8 1/2-1/2

[Event "HUN-chT2 Szechenyi 0203"]
[Site "Hungary"]
[Date "2003.01.19"]
[Round "5"]
[White "Bauman, Tibor"]
[Black "Kovacs, Dezso"]
[Result "0-1"]
[WhiteElo "2097"]
[BlackElo "1954"]
[PlyCount "48"]
[EventDate "2002.09.22"]
[EventType "team"]
[EventRounds "11"]
[EventCountry "HUN"]
[SourceTitle "EXT 2009"]
[Source "ChessBase"]
[SourceDate "2008.11.26"]
[SourceVersion "1"]
[SourceVersionDate "2008.11.26"]
[SourceQuality "1"]

1. e4 d5 2. exd5 Qxd5 3. Nc3 Qa5 4. d4 Nf6 5. Nf3 Bg4 6. Be2 c6 7. 0-0 e6 8. Ne5 Bxe2 9. Qxe2 Be7 10. Bf4 0-0 11. Ne4 Nxe4 12. Qxe4 Qd5 13. Qe3 c5 14. dxc5 Qxc5 15. Qf3 Qc8 16. Rfd1 f6 17. Nd3 Nc6 18. c3 Rd8 19. Rd2 e5 20. Be3 Qe6 21. g4 Rxd3 22. Qxc6 bxc6 23. Rxd3 Qxg4+ 24. Kf1 Qc4 0-1